00343nam a2200133Ia 4500008004100000041000800041082001600049100002300065245004500088260003900133300002400172365000700196440000600203240624s9999 xx 000 0 und d aeng a658.401 RUN aRUNGACHARY KRISHNA aREADINGS IN BUSINESS POLICY AND PLANNING c1998aNew DelhibAnmol Publication a382 : p. : cm. ; 22 cRS v4